| 000 | 01660nam a2200241Ia 4500 | ||
|---|---|---|---|
| 008 | 260220t1987||||xx |||||||||||||| ||spa|| | ||
| 020 | _a8470691112 | ||
| 040 |
_aPY-SlUNAC _bspa _erda |
||
| 041 | _aspa | ||
| 082 |
_a530 _bM923em |
||
| 245 | 0 |
_aEl mundo de la física : _bcurso teórico práctico |
|
| 264 |
_aBarcelona : _bOcéano, _c℗1987. |
||
| 300 | _a1 volumen | ||
| 520 | _a"El mundo de la física: curso teórico práctico" es un texto que busca acercar al lector a los conceptos fundamentales de la física a través de una combinación de teoría y ejercicios prácticos. Publicado en 1987 por la editorial Océano, el libro abarca diversas áreas de la física, incluyendo mecánica, termodinámica, electromagnetismo y óptica, presentando cada tema de manera accesible y comprensible. A lo largo de sus capítulos, se ofrecen explicaciones claras acompañadas de ejemplos cotidianos que facilitan la comprensión de las leyes físicas que rigen nuestro entorno. Además, el texto incluye una serie de problemas y actividades que permiten a los estudiantes aplicar lo aprendido, fomentando un aprendizaje activo y reflexivo. Este enfoque práctico y teórico se complementa con ilustraciones y diagramas que enriquecen la experiencia del lector, convirtiendo el libro en una herramienta valiosa tanto para estudiantes como para educadores interesados en la enseñanza de la física. | ||
| 653 | _aEducación | ||
| 653 | _aFísica | ||
| 653 | _aMétodos de enseñanza | ||
| 942 |
_b2026/02/17 _cBK |
||
| 999 |
_c7709 _d7709 |
||